Macroeconomics : (Record no. 124895)

MARC details
000 -LEADER
fixed length control field 00637nam a22002177a 4500
005 - DATE AND TIME OF LATEST TRANSACTION
control field 20170828163637.0
010 ## - LCCN (DPL NO)
LC control number B-59583
020 ## - INTERNATIONAL STANDARD BOOK NUMBER
Terms of availability 00.00
035 ## - SYSTEM CONTROL NUMBER
System control number B-059583
037 ## - SOURCE OF ACQUISITION
Source of stock number/acquisition Cen Lib/Ret
082 ## - DEWEY DECIMAL CLASSIFICATION NUMBER
Classification number 339
Edition number PUR
100 ## - MAIN ENTRY--PERSONAL NAME
Personal name Puri, V. K.
245 ## - TITLE STATEMENT
Title Macroeconomics :
Statement of responsibility, etc By V. K. Puri [and] Divya Mishra
Remainder of title Analysis and Policy /
260 ## - PUBLICATION, DISTRIBUTION, ETC. (IMPRINT)
Place of publication, distribution, etc Mumbai
Name of publisher, distributor, etc Himalaya Publishing House
Date of publication, distribution, etc 2001
270 ## - ADDRESS
Address "Ramdoot", Dr. Bhalerao Marg, Girgaon
City Mumbai
Postal code 400004
300 ## - PHYSICAL DESCRIPTION
Extent 392p.
Dimensions 24cm(Hb)
650 ## - SUBJECT ADDED ENTRY--TOPICAL TERM
Topical term or geographic name as entry element Macroeconomics
650 ## - SUBJECT ADDED ENTRY--TOPICAL TERM
Topical term or geographic name as entry element Economics
700 ## - ADDED ENTRY--PERSONAL NAME
Personal name Mishra, Divya
9 (RLIN) 73924
942 ## - ADDED ENTRY ELEMENTS (KOHA)
Source of classification or shelving scheme Dewey Decimal Classification
Item type English Books
Classification part 339
Call number suffix PUR
Holdings
Withdrawn status Lost status Not for loan Home library Current library Date acquired Source of acquisition Cost, normal purchase price Full call number Barcode Copy number Cost, replacement price Koha item type
      Central Library Central Library 18/06/2015 Cen Lib/Ret 0.00 339 B-59583 1 0.00 English Books

© Delhi Public Library
Hit Counter
free hit counter